000
00269nam a22001217a 4500
008
170713b xxu||||| |||| 00| 0 eng d
041
_a
eng
080
_a
17
100
_a
24
101
_a
FIL
245
_a
A HUNDRED YEARS PHILOSOPHY
_c
FURLONE.T
942
_2
udc
_c
BK
999
_c
20571
_d
20571